=LDR 00000nam 2200000 4500 =001 INLIS000000000020951 =005 20130612115845 =008 ***********************************Ind** =035 ##$$0010-061300000020951 =041 ##$$a Ind =082 ##$$a 372.35 =090 ##$$a 372.35, Rang r =245 ##$$a Rangkuman dan soal (ilmu pengetahuan alam) IPA untuk menghadapi ulangan harian dan umum, Lan Kusrin...[et.al] =260 ##$$a 1999 $b Semarang =300 ##$$a ...jil, ilus, 21 cm =650 ##$$a Pendidikan Dasar-IPA =700 ##$$a Kusrin, Lan =850 ##$$a NBPNMAT